| 000 | 01010nam a2200349Ia 4500 | ||
|---|---|---|---|
| 003 | OSt | ||
| 005 | 20220912144621.0 | ||
| 006 | a|||||r|||| 00| 0 | ||
| 007 | ta | ||
| 008 | 220909b |||||||| |||| 00| 0 eng d | ||
| 020 | _a9780521816144 (hbk) | ||
| 020 | _aSL01559250 | ||
| 024 | _a187407 | ||
| 037 | _b2957, 16/11/2012, Educational Book Agency (India) | ||
| 037 | _cTextbook | ||
| 040 |
_aCSL _beng _cCSL |
||
| 041 | _aeng | ||
| 082 | _aC7, P9 TNT | ||
| 100 | _aCoey J M D | ||
| 245 | 0 | _aMagnetism and magnetic materials | |
| 260 |
_aNew York _bC U P _c2009 |
||
| 300 | _axii,614p. | ||
| 500 | _aAppendices A-I 580-600p.; Formula Index 601-603p.; Index 604-614p. | ||
| 650 | _a Ferromagnetism | ||
| 650 | _a Magnetic materials | ||
| 650 | _a Magnetism | ||
| 650 | _a Magnetostatics | ||
| 650 | _aPhysics | ||
| 700 | _aCoey J M D | ||
| 942 |
_hC7, P9 TNT _cTB _2CC |
||
| 999 |
_c13713 _d13713 |
||